[Event "7. Copenhagen Open Politiken Cup"]
[Site "Copenhagen"]
[Date "1985.??.??"]
[Round "4"]
[White "Westerinen, Heikki"]
[Black "Berg, Klaus"]
[Result "1-0"]
[WhiteElo "2420"]
[BlackElo "2340"]
[PlyCount "143"]
[EventDate "1985.??.??"]
[EventType "swiss"]
[EventRounds "10"]
[EventCountry "DEN"]
[SourceDate "2004.01.01"]

1. e4 c6 2. d4 d5 3. Nd2 Qb6 4. Ngf3 Bg4 5. Bd3 e6 6. O-O Nf6 7. c3 Be7 8. Re1
Bh5 9. exd5 cxd5 10. Qb3 Nc6 11. Ne5 Nxe5 12. Qxb6 axb6 13. dxe5 Nd7 14. Bb5
O-O-O 15. b4 f6 16. f4 g5 17. Nb3 gxf4 18. exf6 Bxf6 19. Rxe6 Bxc3 20. Bxf4
Rdf8 21. Rc1 Rxf4 22. Rxc3+ Kd8 23. Rd6 Be8 24. Rxd5 Rhf8 25. Re3 Rxb4 26.
Rxe8+ Kxe8 27. Bxd7+ Ke7 28. Bf5 Rf4 29. g4 h5 30. h3 hxg4 31. hxg4 Ra8 32. Rd2
Rfa4 33. Nc1 Kf6 34. Rd6+ Kg5 35. Rxb6 Rc4 36. Rb1 Kf4 37. Kf2 Ra3 38. Ne2+ Kg5
39. Rb2 Rca4 40. Nc1 Kh4 41. Ke2 Ra7 42. Kd2 Rh3 43. Rb6 Rh2+ 44. Kc3 Kg5 45.
Kb3 Rh1 46. Ne2 Re1 47. Nc3 Re7 48. a4 Ra8 49. Ne4+ Kf4 50. Nc5 Ra7 51. Kb4 Re2
52. Bc8 Rb2+ 53. Nb3 Ra8 54. Rf6+ Ke5 55. Rf5+ Kd6 56. Bxb7 Rb8 57. Rb5 Kc7 58.
Kc3 Rf2 59. Nc5 Rh8 60. a5 Rh3+ 61. Nd3 Ra2 62. Bd5 Ra3+ 63. Bb3 Ra1 64. Rc5+
Kb7 65. Kd4 Rg1 66. Be6 Rd1 67. Bf5 Rh2 68. Ke5 Ra2 69. Kf6 Rda1 70. g5 Rxa5
71. Rxa5 Rxa5 72. g6 1-0

[Event "7. Copenhagen Open Politiken Cup"]
[Site "Copenhagen"]
[Date "1985.??.??"]
[Round "4"]
[White "Wockenfuss, Klaus"]
[Black "Reinert, Mads"]
[Result "1/2-1/2"]
[WhiteElo "2375"]
[BlackElo "2260"]
[PlyCount "41"]
[EventDate "1985.??.??"]
[EventType "swiss"]
[EventRounds "10"]
[EventCountry "DEN"]
[SourceDate "2004.01.01"]

1. Nf3 Nf6 2. g3 d5 3. Bg2 c6 4. O-O Bf5 5. d3 e6 6. Nbd2 Be7 7. Qe1 h6 8. e4
Bh7 9. Qe2 O-O 10. Re1 a5 11. e5 Nfd7 12. h4 Na6 13. Nf1 c5 14. a3 b5 15. Bf4
b4 16. axb4 Nxb4 17. Rec1 a4 18. h5 Qb6 19. Ne3 Rfc8 20. Bh3 Rc7 21. Qd1
1/2-1/2

[Event "7. Copenhagen Open Politiken Cup"]
[Site "Copenhagen"]
[Date "1985.??.??"]
[Round "5"]
[White "Agdestein, Espen"]
[Black "Fedder, Steen"]
[Result "1/2-1/2"]
[WhiteElo "2305"]
[BlackElo "2410"]
[PlyCount "25"]
[EventDate "1985.??.??"]
[EventType "swiss"]
[EventRounds "10"]
[EventCountry "DEN"]
[SourceDate "2004.01.01"]

1. d4 d5 2. c4 dxc4 3. Nf3 Nf6 4. e3 e6 5. Bxc4 c5 6. O-O a6 7. a4 Nc6 8. Qe2
Be7 9. Rd1 Qc7 10. Nc3 O-O 11. dxc5 Bxc5 12. h3 b6 13. e4 1/2-1/2

[Event "7. Copenhagen Open Politiken Cup"]
[Site "Copenhagen"]
[Date "1985.??.??"]
[Round "5"]
[White "Andreasen, Per Naesby"]
[Black "Steczkowski, Kazimierz"]
[Result "1/2-1/2"]
[WhiteElo "2260"]
[BlackElo "2390"]
[PlyCount "38"]
[EventDate "1985.??.??"]
[EventType "swiss"]
[EventRounds "10"]
[EventCountry "DEN"]
[SourceDate "2004.01.01"]

1. c4 Nf6 2. Nc3 c6 3. Nf3 d6 4. g3 g6 5. Bg2 Bg7 6. O-O O-O 7. d3 e5 8. Bg5 h6
9. Bxf6 Qxf6 10. Rb1 a5 11. a3 Be6 12. Nd2 Rd8 13. b4 axb4 14. Rxb4 Qe7 15. Qb3
Ra7 16. Rb6 Bc8 17. Na4 Qc7 18. c5 d5 19. Rb1 Nd7 1/2-1/2

[Event "7. Copenhagen Open Politiken Cup"]
[Site "Copenhagen"]
[Date "1985.??.??"]
[Round "5"]
[White "Bator, Zbigniew"]
[Black "Gruenberg, Rainer"]
[Result "1-0"]
[WhiteElo "2315"]
[BlackElo "2265"]
[PlyCount "47"]
[EventDate "1985.??.??"]
[EventType "swiss"]
[EventRounds "10"]
[EventCountry "DEN"]
[SourceDate "2004.01.01"]

1. d4 Nf6 2. Nf3 g6 3. Bg5 Bg7 4. Nbd2 c5 5. Bxf6 Bxf6 6. Ne4 Qb6 7. Nxf6+ Qxf6
8. e3 Nc6 9. Qd2 d6 10. O-O-O O-O 11. Bb5 Bg4 12. Bxc6 bxc6 13. dxc5 Rab8 14.
Qd4 dxc5 15. Qxf6 exf6 16. Rd6 Rb6 17. Rxf6 Rfb8 18. b3 a5 19. Ne5 Be6 20. Rxe6
fxe6 21. Nd7 R6b7 22. Nxb8 Rxb8 23. Rd1 Rf8 24. f3 1-0

[Event "7. Copenhagen Open Politiken Cup"]
[Site "Copenhagen"]
[Date "1985.??.??"]
[Round "5"]
[White "Berg, Klaus"]
[Black "Reinert, Mads"]
[Result "1/2-1/2"]
[WhiteElo "2340"]
[BlackElo "2260"]
[PlyCount "38"]
[EventDate "1985.??.??"]
[EventType "swiss"]
[EventRounds "10"]
[EventCountry "DEN"]
[SourceDate "2004.01.01"]

1. Nf3 Nf6 2. c4 e6 3. d4 c5 4. e3 b6 5. Bd3 Bb7 6. O-O Be7 7. Nc3 cxd4 8. exd4
d5 9. cxd5 Nxd5 10. Ne5 O-O 11. Qf3 Nd7 12. Qh3 f5 13. Nxd5 Bxd5 14. Bf4 Rf6
15. Qe3 Nxe5 16. Bxe5 Rg6 17. f3 Bg5 18. Bf4 Bxf4 19. Qxf4 Be4 1/2-1/2

[Event "7. Copenhagen Open Politiken Cup"]
[Site "Copenhagen"]
[Date "1985.??.??"]
[Round "5"]
[White "Blees, Albert"]
[Black "Plachetka, Jan"]
[Result "1-0"]
[WhiteElo "2310"]
[BlackElo "2440"]
[PlyCount "139"]
[EventDate "1985.??.??"]
[EventType "swiss"]
[EventRounds "10"]
[EventCountry "DEN"]
[SourceDate "2004.01.01"]

1. d4 Nf6 2. c4 e6 3. Nc3 Bb4 4. e3 c5 5. Bd3 O-O 6. Nf3 d5 7. O-O dxc4 8. Bxc4
cxd4 9. exd4 Bxc3 10. bxc3 Qc7 11. Qe2 Nbd7 12. Bg5 b6 13. Rac1 Bb7 14. Bd3 Ng4
15. Rfe1 h6 16. Bd2 Bxf3 17. Qxf3 Qxh2+ 18. Kf1 Qh5 19. Qg3 Rad8 20. f3 Ngf6
21. Kf2 Qd5 22. Rh1 Nh5 23. Qh4 Ndf6 24. g4 g5 25. Qh2 Qxa2 26. Rc2 Qb3 27.
gxh5 Nd5 28. Qe5 Nb4 29. Qb5 Nxd3+ 30. Qxd3 Rxd4 31. Qxd4 Qxc2 32. c4 e5 33.
Qd5 Rc8 34. Rc1 Qb2 35. Kg3 Rc5 36. Qd8+ Kg7 37. Bxg5 hxg5 38. Qxg5+ Kh7 39.
Qf5+ Kg8 40. Qg5+ Kh7 41. Qf5+ Kg8 42. Rd1 e4 43. Rd8+ Kg7 44. Qg4+ Kh6 45.
Rd6+ Kh7 46. Qxe4+ Kg8 47. Qe8+ Kh7 48. Qxf7+ Qg7+ 49. Qg6+ Qxg6+ 50. hxg6+ Kh6
51. f4 a5 52. Rxb6 a4 53. Ra6 Rxc4 54. f5 Rb4 55. Ra8 Rb7 56. Kf4 Rb4+ 57. Ke5
Rb5+ 58. Kf6 Rb6+ 59. Kf7 Rb7+ 60. Kg8 a3 61. Rxa3 Rb8+ 62. Kf7 Rb7+ 63. Ke6
Rb6+ 64. Ke5 Rb5+ 65. Ke6 Rb6+ 66. Kd7 Rf6 67. Rf3 Ra6 68. Rh3+ Kg7 69. Rh7+
Kg8 70. Ke7 {70. - Rxg6! =} 1-0

[Event "7. Copenhagen Open Politiken Cup"]
[Site "Copenhagen"]
[Date "1985.??.??"]
[Round "5"]
[White "Braga, Fernando"]
[Black "Fette, Martin"]
[Result "1/2-1/2"]
[WhiteElo "2390"]
[BlackElo "2290"]
[PlyCount "40"]
[EventDate "1985.??.??"]
[EventType "swiss"]
[EventRounds "10"]
[EventCountry "DEN"]
[SourceDate "2004.01.01"]

1. e4 c6 2. d4 d5 3. Nd2 dxe4 4. Nxe4 Bf5 5. Ng3 Bg6 6. Nf3 Nd7 7. h4 h6 8. h5
Bh7 9. Bd3 Bxd3 10. Qxd3 Qc7 11. Rh4 e6 12. Bf4 Qa5+ 13. Bd2 Qb5 14. Qxb5 cxb5
15. d5 exd5 16. Bb4 Ngf6 17. O-O-O O-O-O 18. Bxf8 Rdxf8 19. Nf5 Kb8 20. Rh3 a6
1/2-1/2

[Event "7. Copenhagen Open Politiken Cup"]
[Site "Copenhagen"]
[Date "1985.??.??"]
[Round "5"]
[White "Fridjonsson, Julius"]
[Black "Hoi, Carsten"]
[Result "0-1"]
[WhiteElo "2265"]
[BlackElo "2380"]
[PlyCount "70"]
[EventDate "1985.??.??"]
[EventType "swiss"]
[EventRounds "10"]
[EventCountry "DEN"]
[SourceDate "2004.01.01"]

1. c4 e6 2. Nf3 d5 3. b3 Nf6 4. Bb2 Be7 5. e3 O-O 6. Be2 Nbd7 7. O-O b6 8. Nc3
Bb7 9. Rc1 c6 10. Qc2 Rc8 11. Qb1 Re8 12. cxd5 exd5 13. Qf5 Bf8 14. Na4 g6 15.
Qf4 Bg7 16. Qh4 h6 17. Nc3 Nc5 18. Nd4 Nfe4 19. Qxd8 Rexd8 20. Nf3 Ne6 21. d4
f5 22. Nh4 Kh7 23. g3 c5 24. dxc5 bxc5 25. Na4 d4 26. Bc4 N6g5 27. f4 Nh3+ 28.
Kg2 Neg5+ 29. e4 Bxe4+ 30. Nf3 Nxf3 31. Rxf3 g5 32. Bd3 g4 33. Bxe4 fxe4 34.
Rff1 Rd5 35. Ba3 c4 0-1

[Event "7. Copenhagen Open Politiken Cup"]
[Site "Copenhagen"]
[Date "1985.??.??"]
[Round "5"]
[White "From, Sigfred"]
[Black "Wockenfuss, Klaus"]
[Result "0-1"]
[WhiteElo "2245"]
[BlackElo "2375"]
[PlyCount "92"]
[EventDate "1985.??.??"]
[EventType "swiss"]
[EventRounds "10"]
[EventCountry "DEN"]
[SourceDate "2004.01.01"]

1. e4 Nc6 2. Nf3 d6 3. d4 Nf6 4. Nc3 Bg4 5. Bb5 a6 6. Bxc6+ bxc6 7. h3 Bh5 8.
O-O e6 9. Qd3 Be7 10. Re1 O-O 11. Ne2 d5 12. exd5 Bxf3 13. Qxf3 cxd5 14. Ng3 c5
15. dxc5 Bxc5 16. Bg5 Be7 17. c3 h6 18. Bxf6 Bxf6 19. Rad1 Rc8 20. Nh5 Bg5 21.
Rd4 g6 22. Ng3 Bf6 23. Ra4 Rc6 24. Rd1 Qe7 25. Ne2 Rb8 26. b3 Rbc8 27. Rd3 Bg7
28. h4 Qc7 29. g3 Rb8 30. h5 g5 31. Qe3 Rc8 32. Kg2 Qb7 33. Kh2 f5 34. f3 Qf7
35. g4 fxg4 36. fxg4 Rf8 37. Ng1 Qf1 38. Nh3 Be5+ 39. Qxe5 Qxd3 40. c4 Qd2+ 41.
Kg3 Qd3+ 42. Kh2 Qd1 43. Qg3 dxc4 44. Rxc4 Qe2+ 45. Kh1 Rxc4 46. bxc4 Qf3+ 0-1

[Event "7. Copenhagen Open Politiken Cup"]
[Site "Copenhagen"]
[Date "1985.??.??"]
[Round "5"]
[White "Gibbons, Bart F"]
[Black "Pavlovic, Milos"]
[Result "0-1"]
[WhiteElo "2260"]
[BlackElo "2305"]
[PlyCount "62"]
[EventDate "1985.??.??"]
[EventType "swiss"]
[EventRounds "10"]
[EventCountry "DEN"]
[SourceDate "2004.01.01"]

1. Nf3 g6 2. g3 Bg7 3. d4 f5 4. Bg2 Nf6 5. O-O O-O 6. c4 d6 7. Nc3 Nc6 8. d5
Ne5 9. Nxe5 dxe5 10. b3 f4 11. Bb2 Bf5 12. c5 g5 13. e4 Bd7 14. Qd3 Qe8 15.
gxf4 exf4 16. f3 Qg6 17. Ne2 Rad8 18. Qc4 Kh8 19. Kh1 Qh6 20. Rg1 Rg8 21. c6
bxc6 22. dxc6 Bc8 23. Rad1 Rxd1 24. Rxd1 g4 25. Qc5 g3 26. Qg1 Qg5 27. Qf1 gxh2
28. Kxh2 Ng4+ 29. fxg4 Bxb2 30. Qxf4 Bxg4 31. Rd5 Qh4+ 0-1

[Event "7. Copenhagen Open Politiken Cup"]
[Site "Copenhagen"]
[Date "1985.??.??"]
[Round "5"]
[White "Hartman, Christer"]
[Black "Brynell, Stellan"]
[Result "1-0"]
[WhiteElo "2295"]
[BlackElo "2250"]
[PlyCount "205"]
[EventDate "1985.??.??"]
[EventType "swiss"]
[EventRounds "10"]
[EventCountry "DEN"]
[SourceDate "2004.01.01"]

1. e4 e5 2. Nf3 Nc6 3. d4 exd4 4. c3 d5 5. exd5 Qxd5 6. cxd4 Bg4 7. Be2 Bxf3 8.
Bxf3 Qc4 9. Bxc6+ Qxc6 10. O-O O-O-O 11. Nc3 Nf6 12. Qb3 Nd5 13. Bd2 Be7 14.
Rfc1 Rd7 15. a4 Kb8 16. a5 a6 17. Ra4 Nxc3 18. bxc3 Qd5 19. Qb2 Qb5 20. Qc2 Bd6
21. Rb1 Qh5 22. h3 Re8 23. Be3 c6 24. Qd3 Qg6 25. Qf1 f5 26. d5 cxd5 27. Rb6
Rxe3 28. fxe3 Qg5 29. Qf3 Be5 30. h4 Qg3 31. Qxg3 Bxg3 32. Re6 Rc7 33. Ra3 Bxh4
34. Re5 Be7 35. Rb3 Bc5 36. Kf1 g6 37. Ke2 Rd7 38. Rb1 Be7 39. Kd3 Kc7 40. Rb6
Bc5 41. Rf6 Kd8 42. Kc2 Ba3 43. Kb3 Bc5 44. Ka4 Bd6 45. Ree6 Bc5 46. Kb3 Rc7
47. Re5 Rd7 48. Rfe6 Kc7 49. Kc2 Bf8 50. Re8 Ba3 51. Kb3 Bc5 52. Ka4 Kd6 53.
R8e6+ Kc7 54. c4 Bf8 55. Rxd5 Rf7 56. Kb3 f4 57. exf4 Rxf4 58. Re3 Rg4 59. Rf3
Bh6 60. Rf7+ Kc6 61. Rf6+ Kc7 62. Re5 Bg5 63. Rf7+ Kd6 64. Re2 Bd8 65. Kb4 h5
66. Rxb7 Rg5 67. Ra7 Bxa5+ 68. Ka4 Bc3 69. Rxa6+ Kc5 70. Kb3 Rg3 71. Ra4 h4 72.
Kc2 Bd4 73. Kd1 g5 74. Rc2 Bc3 75. Rf2 Bb4 76. Rb2 Ba3 77. Rb5+ Kd4 78. Rd5+
Ke4 79. Rd2 Bc5 80. Ra8 g4 81. Rh8 h3 82. gxh3 gxh3 83. Rh4+ Kf3 84. Rd5 Bg1
85. c5 h2 86. Rd3+ Kg2 87. Rd2+ Kf3 88. c6 Rg8 89. Rh7 Rc8 90. Rd6 Rc7 91. Rhh6
Kf4 92. Rh4+ Kg5 93. Rh8 Rc8 94. Rdh6 Rc7 95. Ke2 Bb6 96. Kf3 Kf5 97. Rh5+ Ke6
98. R8h6+ Ke7 99. Rxh2 Rc8 100. Rd2 Rd8 101. Rh7+ Ke8 102. c7 Bxc7 103. Re2+
1-0

[Event "7. Copenhagen Open Politiken Cup"]
[Site "Copenhagen"]
[Date "1985.??.??"]
[Round "5"]
[White "Hartung Nielsen, Jens"]
[Black "Gausel, Einar"]
[Result "0-1"]
[WhiteElo "2245"]
[BlackElo "2335"]
[PlyCount "143"]
[EventDate "1985.??.??"]
[EventType "swiss"]
[EventRounds "10"]
[EventCountry "DEN"]
[SourceDate "2004.01.01"]

1. d4 d5 2. c4 Nc6 3. Nf3 Bg4 4. cxd5 Bxf3 5. gxf3 Qxd5 6. e3 e5 7. Nc3 Bb4 8.
Bd2 Bxc3 9. bxc3 exd4 10. cxd4 Nge7 11. Be2 O-O 12. Qb3 Qd6 13. O-O-O a5 14.
Kb1 a4 15. Qc4 b5 16. Qc5 Qxc5 17. dxc5 b4 18. Bc1 Ra5 19. Rd7 Rxc5 20. Rhd1
Rb8 21. Rxc7 h6 22. f4 b3 23. Ba3 bxa2+ 24. Ka1 Nd5 25. Rxc6 Rxc6 26. Rxd5 Rc2
27. Rb5 Rxb5 28. Bxb5 Rxf2 29. h4 Rh2 30. Bxa4 Rxh4 31. Kxa2 g5 32. fxg5 hxg5
33. Bd7 Re4 34. Bc5 g4 35. Kb3 g3 36. Bh3 Rh4 37. Bf1 Rh1 38. Bg2 Rg1 39. Bd5
g2 40. Bxg2 Rxg2 41. Kc3 Rg4 42. Kd3 f5 43. Ke2 Kf7 44. Kf3 Ke6 45. Ba7 Kd5 46.
Bb8 Rg1 47. Bc7 Rf1+ 48. Kg3 Rc1 49. Bf4 Ke4 50. Kh4 Rg1 51. Kh5 Rg2 52. Bg5
Ra2 53. Kg6 Rg2 54. Kh5 Ke5 55. Kg6 Ke6 56. Kh5 Kf7 57. Kh4 Rg4+ 58. Kh5 Kg7
59. Bf4 Kf6 60. Bc7 Rg1 61. Bd8+ Kf7 62. Bc7 Rg8 63. Be5 Ke6 64. Bf4 Kf6 65.
Kh4 Rg4+ 66. Kh5 Rg8 67. Kh4 Ke6 68. Kh5 Kd5 69. Bg5 Ke4 70. Bf4 Kf3 71. Bg5
Re8 72. Kg6 0-1

[Event "7. Copenhagen Open Politiken Cup"]
[Site "Copenhagen"]
[Date "1985.??.??"]
[Round "5"]
[White "Hector, Jonny"]
[Black "Bator, Robert"]
[Result "1-0"]
[WhiteElo "2295"]
[BlackElo "2380"]
[PlyCount "73"]
[EventDate "1985.??.??"]
[EventType "swiss"]
[EventRounds "10"]
[EventCountry "DEN"]
[SourceDate "2004.01.01"]

1. e4 c5 2. Nf3 d6 3. d4 cxd4 4. Nxd4 Nf6 5. Nc3 e5 6. Bb5+ Nbd7 7. Nf5 a6 8.
Bxd7+ Qxd7 9. Ne3 Qc6 10. Qf3 Be6 11. O-O Be7 12. Ncd5 Bxd5 13. exd5 Qd7 14. a4
g6 15. Nc4 Rd8 16. Nb6 Qc7 17. a5 Nd7 18. Be3 Qxc2 19. Rac1 Qf5 20. Qd1 Nxb6
21. Bxb6 Rd7 22. Qa4 Bd8 23. f4 e4 24. Bxd8 Kxd8 25. Qd4 Re8 26. Rc4 f6 27. h3
h5 28. Re1 Ree7 29. Qa7 Ke8 30. Rc8+ Kf7 31. Qb8 Qxd5 32. Rh8 Qd4+ 33. Kh1 Ke6
34. Qg8+ Kf5 35. g4+ Kxf4 36. Qxg6 Qe5 37. Rxh5 1-0

[Event "7. Copenhagen Open Politiken Cup"]
[Site "Copenhagen"]
[Date "1985.??.??"]
[Round "5"]
[White "Hodgson, Julian M"]
[Black "Hebden, Mark"]
[Result "0-1"]
[WhiteElo "2455"]
[BlackElo "2480"]
[PlyCount "84"]
[EventDate "1985.??.??"]
[EventType "swiss"]
[EventRounds "10"]
[EventCountry "DEN"]
[SourceDate "2004.01.01"]

1. g3 Nf6 2. Bg2 g6 3. e4 d6 4. d4 Bg7 5. Ne2 O-O 6. O-O e5 7. h3 c6 8. Nbc3
Nbd7 9. Be3 Re8 10. d5 Nb6 11. b3 cxd5 12. exd5 h5 13. a4 Bd7 14. Qd2 Nc8 15.
Kh2 Ne7 16. Nb5 Qb8 17. f4 Nf5 18. fxe5 Nxe3 19. exf6 Bh6 20. Nf4 Nxf1+ 21.
Rxf1 Bxb5 22. axb5 Qd8 23. Qd4 Re5 24. c4 Qb6 25. c5 Qxc5 26. Qxc5 dxc5 27. Ra1
h4 28. b6 Re3 29. Ne6 hxg3+ 30. Kg1 fxe6 31. dxe6 a5 32. Bxb7 Rb8 33. Bd5 Rxb6
34. e7+ Kh7 35. Bf7 Rxf6 36. e8=Q Rxe8 37. Bxe8 Rf2 38. Re1 Bg7 39. Re7 Kh6 40.
Re6 Bd4 41. Rxg6+ Kh7 42. Rxg3 Rf8+ 0-1

[Event "7. Copenhagen Open Politiken Cup"]
[Site "Copenhagen"]
[Date "1985.??.??"]
[Round "5"]
[White "Iskov, Gert"]
[Black "Hansen, Curt"]
[Result "1/2-1/2"]
[WhiteElo "2325"]
[BlackElo "2505"]
[PlyCount "36"]
[EventDate "1985.??.??"]
[EventType "swiss"]
[EventRounds "10"]
[EventCountry "DEN"]
[SourceDate "2004.01.01"]

1. e4 c5 2. Nf3 d6 3. d4 cxd4 4. Nxd4 Nf6 5. Nc3 a6 6. Be2 e5 7. Nb3 Be7 8. Bg5
Be6 9. Bxf6 Bxf6 10. Nd5 Nd7 11. O-O Bg5 12. a4 Rc8 13. a5 O-O 14. c3 g6 15.
Ra4 Bxd5 16. Qxd5 b5 17. Raa1 Nc5 18. Rfd1 Nxb3 1/2-1/2

[Event "7. Copenhagen Open Politiken Cup"]
[Site "Copenhagen"]
[Date "1985.??.??"]
[Round "5"]
[White "Jacobsen, Bo"]
[Black "Bosboom, Manuel"]
[Result "0-1"]
[WhiteElo "2280"]
[BlackElo "2380"]
[PlyCount "82"]
[EventDate "1985.??.??"]
[EventType "swiss"]
[EventRounds "10"]
[EventCountry "DEN"]
[SourceDate "2004.01.01"]

1. c4 e5 2. g3 Nf6 3. Nc3 c6 4. Nf3 d6 5. Bg2 g6 6. O-O Bg7 7. d4 Nbd7 8. dxe5
dxe5 9. Qd6 Bf8 10. Qd2 Be7 11. Rd1 O-O 12. h3 Re8 13. Ng5 Qc7 14. b3 Nc5 15.
Qe3 Nh5 16. Bb2 f6 17. Nf3 Ng7 18. g4 Nce6 19. Ne4 Nf4 20. Bf1 g5 21. Qc3 h5
22. Nh2 hxg4 23. Nxg4 Rf8 24. e3 Ng6 25. Ng3 f5 26. Nxe5 Bf6 27. f4 Re8 28. Qd2
Nxe5 29. fxe5 Bxe5 30. Bxe5 Qxe5 31. Qf2 Qxe3 32. Qxe3 Rxe3 33. Rd8+ Re8 34.
Rxe8+ Nxe8 35. Re1 Kf7 36. Bd3 Ng7 37. Ne2 Be6 38. Nd4 Kf6 39. Rf1 Rd8 40. Nxe6
Kxe6 41. Rf3 c5 0-1

[Event "7. Copenhagen Open Politiken Cup"]
[Site "Copenhagen"]
[Date "1985.??.??"]
[Round "5"]
[White "Jacoby, Gisbert"]
[Black "Karolyi, Tibor Jr"]
[Result "1/2-1/2"]
[WhiteElo "2305"]
[BlackElo "2445"]
[PlyCount "32"]
[EventDate "1985.??.??"]
[EventType "swiss"]
[EventRounds "10"]
[EventCountry "DEN"]
[SourceDate "2004.01.01"]

1. e4 c5 2. Nf3 d6 3. d4 cxd4 4. Nxd4 Nf6 5. Nc3 a6 6. Be3 Nc6 7. Qd2 e6 8.
O-O-O Be7 9. f3 d5 10. exd5 Nxd5 11. Nxd5 Qxd5 12. Nb3 Nb4 13. a3 Qxd2+ 14.
Bxd2 Nd5 15. c4 Nf6 16. Be3 e5 1/2-1/2

[Event "7. Copenhagen Open Politiken Cup"]
[Site "Copenhagen"]
[Date "1985.??.??"]
[Round "5"]
[White "Mokry, Karel"]
[Black "Ernst, Thomas"]
[Result "1-0"]
[WhiteElo "2490"]
[BlackElo "2450"]
[PlyCount "81"]
[EventDate "1985.??.??"]
[EventType "swiss"]
[EventRounds "10"]
[EventCountry "DEN"]
[SourceDate "2004.01.01"]

1. e4 c5 2. Nf3 d6 3. d4 cxd4 4. Nxd4 Nf6 5. Nc3 g6 6. Bc4 Bg7 7. h3 O-O 8. O-O
Nxe4 9. Nxe4 d5 10. Nb5 a6 11. Qxd5 Qxd5 12. Bxd5 axb5 13. Bg5 e6 14. Bb3 Bxb2
15. Rad1 Nc6 16. c3 Ba3 17. Bh6 Rd8 18. Rxd8+ Nxd8 19. Nf6+ Kh8 20. Rd1 Nc6 21.
Nd7 Be7 22. Bf4 Bxd7 23. Rxd7 Kg8 24. Rxb7 Bf6 25. Rxb5 Bxc3 26. Rc5 Nd4 27.
Bd1 Ba5 28. Be5 Bb6 29. Rc4 Nf5 30. Bf3 Re8 31. a4 Ne7 32. Rb4 Nd5 33. Rb5 Bc7
34. Rxd5 exd5 35. Bxc7 Re1+ 36. Kh2 d4 37. Bf4 d3 38. Kg3 f6 39. Bd2 Ra1 40. a5
Kg7 41. Kf4 1-0

[Event "7. Copenhagen Open Politiken Cup"]
[Site "Copenhagen"]
[Date "1985.??.??"]
[Round "5"]
[White "Nielsen, Jorgen G"]
[Black "Norgaard, Jesper"]
[Result "1/2-1/2"]
[WhiteElo "2240"]
[BlackElo "2325"]
[PlyCount "33"]
[EventDate "1985.??.??"]
[EventType "swiss"]
[EventRounds "10"]
[EventCountry "DEN"]
[SourceDate "2004.01.01"]

1. d4 Nf6 2. c4 g6 3. Nc3 Bg7 4. e4 d6 5. f3 O-O 6. Be3 e5 7. Nge2 c6 8. Qd2
Nbd7 9. O-O-O a6 10. dxe5 dxe5 11. Kb1 Re8 12. Nc1 Qc7 13. c5 Nf8 14. Na4 Be6
15. Bd3 Rad8 16. Qb4 Nh5 17. Bc2 1/2-1/2

[Event "7. Copenhagen Open Politiken Cup"]
[Site "Copenhagen"]
[Date "1985.??.??"]
[Round "5"]
[White "Nilsson, Nils Specht"]
[Black "Peric, Slavisa"]
[Result "1/2-1/2"]
[WhiteElo "2200"]
[BlackElo "2245"]
[PlyCount "81"]
[EventDate "1985.??.??"]
[EventType "swiss"]
[EventRounds "10"]
[EventCountry "DEN"]
[SourceDate "2004.01.01"]

1. e4 c5 2. Nf3 e6 3. d4 cxd4 4. Nxd4 a6 5. c4 Nf6 6. Nc3 d6 7. g3 Qc7 8. Qd2
b6 9. b3 Bb7 10. Bg2 Nbd7 11. O-O Be7 12. Bb2 O-O 13. Rac1 Rac8 14. f4 Qb8 15.
f5 e5 16. Nc2 b5 17. Nd5 Bxd5 18. cxd5 Qb6+ 19. Kh1 a5 20. Qe2 Rc5 21. Na3 Rb8
22. Rc2 Rxc2 23. Nxc2 Nc5 24. Bc1 b4 25. Bg5 Qb5 26. Qxb5 Rxb5 27. Bxf6 Bxf6
28. h3 Bd8 29. Rb1 Rb8 30. Kg1 Bb6 31. Kf1 Rc8 32. Ne1 Nd7 33. Rb2 Rc3 34. Bf3
Nc5 35. Rc2 Rxc2 36. Nxc2 Nd3 37. a3 Bc5 38. axb4 axb4 39. Be2 Nf2 40. Bf3 Nd3
41. Ne1 1/2-1/2

[Event "7. Copenhagen Open Politiken Cup"]
[Site "Copenhagen"]
[Date "1985.??.??"]
[Round "5"]
[White "Rasmussen, Karsten"]
[Black "Welin, Thomas"]
[Result "1/2-1/2"]
[WhiteElo "2295"]
[BlackElo "2395"]
[PlyCount "78"]
[EventDate "1985.??.??"]
[EventType "swiss"]
[EventRounds "10"]
[EventCountry "DEN"]
[SourceDate "2004.01.01"]

1. e4 e6 2. d4 d5 3. Nc3 Bb4 4. e5 c5 5. a3 Bxc3+ 6. bxc3 Ne7 7. Qg4 Qc7 8.
Qxg7 Rg8 9. Qxh7 cxd4 10. Ne2 Nbc6 11. f4 Bd7 12. Qd3 dxc3 13. Qxc3 Nf5 14. Rb1
O-O-O 15. Rg1 d4 16. Qd3 Nce7 17. g4 Ba4 18. c3 Nh4 19. Rg3 dxc3 20. Qxc3 Rd1+
21. Kf2 Bc6 22. Qb3 Qd7 23. Be3 Rd3 24. Qc4 Rxa3 25. Nc3 Nd5 26. Nb5 Nxe3 27.
Rxe3 Qd2+ 28. Qe2 Qxe3+ 29. Qxe3 Rxe3 30. Nxa7+ Kc7 31. Kxe3 Rxg4 32. Nxc6 Kxc6
33. Bb5+ Kc7 34. Be8 Kd8 35. Bxf7 Ng2+ 36. Kf3 Rxf4+ 37. Kxg2 Rxf7 38. Rb6 Rf5
39. Rxe6 Kd7 1/2-1/2

[Event "7. Copenhagen Open Politiken Cup"]
[Site "Copenhagen"]
[Date "1985.??.??"]
[Round "5"]
[White "Schandorff, Lars"]
[Black "Srensen, Torben"]
[Result "0-1"]
[WhiteElo "2275"]
[BlackElo "2315"]
[PlyCount "76"]
[EventDate "1985.??.??"]
[EventType "swiss"]
[EventRounds "10"]
[EventCountry "DEN"]
[SourceDate "2004.01.01"]

1. g3 g6 2. Bg2 Bg7 3. d4 d5 4. Nf3 Nf6 5. O-O O-O 6. b3 c5 7. e3 Nc6 8. Bb2
Ne4 9. Nbd2 Bf5 10. c3 Qa5 11. Nxe4 Bxe4 12. Bh3 e5 13. Nxe5 Bxe5 14. f3 cxd4
15. cxd4 Bxf3 16. Rxf3 Bg7 17. a3 Nd8 18. b4 Qb6 19. Qb3 Qd6 20. Bg2 Ne6 21.
Rff1 Rad8 22. Rac1 Rfe8 23. Rc3 Ng5 24. Qc2 Ne4 25. Rc7 Rd7 26. Rc8 Rde7 27.
Rxe8+ Rxe8 28. Qa4 Qe6 29. Qxa7 Nxg3 30. Re1 Nf5 31. Qxb7 Nxd4 32. Bxd4 Bxd4
33. Bxd5 Bxe3+ 34. Kg2 Qg4+ 35. Kh1 Qf5 36. Qb5 Re4 37. Rf1 Bf2 38. Rxf2 Re1+
0-1

[Event "7. Copenhagen Open Politiken Cup"]
[Site "Copenhagen"]
[Date "1985.??.??"]
[Round "5"]
[White "Stelting, Thorsten"]
[Black "Kamaras, Peter"]
[Result "0-1"]
[WhiteElo "2245"]
[BlackElo "2330"]
[PlyCount "113"]
[EventDate "1985.??.??"]
[EventType "swiss"]
[EventRounds "10"]
[EventCountry "DEN"]
[SourceDate "2004.01.01"]

1. d4 d5 2. c4 Nc6 3. Nc3 e6 4. Nf3 Nf6 5. g3 Be7 6. Bg2 O-O 7. O-O dxc4 8. e4
a6 9. a4 Na5 10. Be3 c5 11. dxc5 Qc7 12. Qe2 Bxc5 13. Bf4 Qb6 14. Rad1 Qb4 15.
Bg5 h6 16. e5 hxg5 17. Nxg5 Be7 18. exf6 gxf6 19. Nf3 f5 20. Ne5 Bf6 21. Qe3
Nc6 22. Bxc6 bxc6 23. g4 Bxe5 24. Qxe5 f6 25. Qg3 Ra7 26. g5 Rg7 27. g6 f4 28.
Qxf4 e5 29. Qe4 Qe7 30. Kh1 f5 31. Qxc4+ Be6 32. Qxc6 Bc8 33. f3 Bb7 34. Qc4+
Kh8 35. Nd5 Qg5 36. Rg1 Qh5 37. Rg3 Rd8 38. Qf1 Bxd5 39. Rh3 Bxf3+ 40. Qxf3
Rxd1+ 41. Kg2 Rxg6+ 42. Kf2 Qxh3 43. Qxh3+ Kg7 44. Ke2 Rgg1 45. Qc3 Rd4 46.
Qc7+ Kf6 47. Qc6+ Kg5 48. h3 Rg3 49. Kf2 Rxh3 50. Qg2+ Kh4 51. Qg7 Rh2+ 52. Ke1
Rh1+ 53. Ke2 Rh2+ 54. Ke1 Rf4 55. Qf6+ Kg4 56. Qxa6 Rxb2 57. Qg6+ 0-1